000 00953nac a22002777a 4500
001 BR8006084
003 BR-BrBNA
005 20240105114812.0
008 230509b bl.|||m| |||| 00| 0 por d
040 _aBR-BrBNA
_bpor
_cBiblioteca Nacional de Agricultura
072 _aK20
090 _aK20 BR8006084
100 1 _aCarneiro, C.M.R.
110 1 _aProjeto de Desenvolvimento e Pesquisa Florestal, Brasilia, DF (Brasil)
_98062
245 1 _aCurso basico de sensoriamento remoto
_bPNUD/FAO/IBDF/BRA/78/003
260 3 _aBrasilia, DF (Brasil):
_c1980.
300 _a198 p.
490 _aSerie Tecnica - Projeto de Desenvolvimento e Pesquisa Florestal (Brazil)
_vno. 6
_x
500 _a26 tables; Bibliography (59 ref.)
650 _aADMINISTRACAO FLORESTAL
650 _aSENSORIAMENTO REMOTO
650 _aRECONHECIMENTO FLORESTAL
650 _aAEROFOTOGRAMETRIA
909 _a202312
_bLúcia Elande
_c55
_dLúcia Elande
942 _2AGRIS
_n0
_cMS
999 _c271367
_d271367